| 000 | 00412nam a2200145Ia 4500 | ||
|---|---|---|---|
| 008 | 151021s9999 xx 000 0 und d | ||
| 020 | _a132001357 | ||
| 050 | _aQA76.76.S632005 | ||
| 245 | _a_Briliant Windows XP What you need to know and how to do it | ||
| 260 | _aUSA Pearson 2005 | ||
| 300 | _axviii,478p.:ill | ||
| 500 | _aIncludes Index | ||
| 650 | _a_Windows | ||
| 980 | _a^d20101214 03:46:21^okilerai | ||
| 999 |
_c5649 _d5649 |
||